Shitlington, Beds. (Record no. 114468)

MARC details
000 -LEADER
fixed length control field 00609ctm a22001815a 4500
001 - CONTROL NUMBER
control field L156882
008 - FIXED-LENGTH DATA ELEMENTS--GENERAL INFORMATION
fixed length control field 120724s1838 xxk f 000 0 eng d
035 ## - SYSTEM CONTROL NUMBER
System control number (Sirsi) u156882
041 0# - LANGUAGE CODE
Language code of text/sound track or separate title eng
245 00 - TITLE STATEMENT
Title Shitlington, Beds.
Medium [manuscript]
260 ## - PUBLICATION, DISTRIBUTION, ETC.
Date of publication, distribution, etc. [1838]
300 ## - PHYSICAL DESCRIPTION
Extent 1 v.
Dimensions 22 cm.
520 ## - SUMMARY, ETC.
Summary, etc. The book contains handwritten details of the occupiers and owners of property in Shitlington, Bedfordshire, together with details of annual values and value per acre.
583 ## - ACTION NOTE
Action Condition reviewed
Time/date of action 20120620
Status condition level 4
651 #4 - SUBJECT ADDED ENTRY--GEOGRAPHIC NAME
Geographic name Bedfordshire
690 ## - LOCAL SUBJECT ADDED ENTRY--TOPICAL TERM (OCLC, RLIN)
Topical term or geographic name as entry element Valuation
9 (RLIN) 6273
942 ## - ADDED ENTRY ELEMENTS (KOHA)
Suppress in OPAC 0
Holdings
Withdrawn status Lost status Damaged status Not for loan Home library Current library Shelving location Date acquired Total Checkouts Full call number Barcode Date last seen Copy number Price effective from Koha item type
        Historic collection Historic collection Historic collection 24/07/2012   PRICES QUARTO 1838 SHITLINGTON 30077105 26/08/2025 1 06/08/2019 Book